[Event "TCh-GRE"]
[Site "Aghia Pelagia GRE"]
[Date "2004.07.07"]
[Round "4"]
[White "Berkes,F"]
[Black "Georgiev,Kr"]
[Result "1-0"]
[WhiteElo "2614"]
[BlackElo "2449"]

1.d4 g6 2.Nf3 Bg7 3.g3 Nf6 4.c4 O-O 5.Bg2 d6 6.Nc3 c6 7.O-O a6 8.e4 Be6 9.d5 Bg4
10.h3 Bxf3 11.Qxf3 Nfd7 12.b3 Nc5 13.Bd2 a5 14.Qe2 Nbd7 15.Rab1 Re8 16.Rfd1 e6
17.Be1 Qc7 18.Qd2 Ne5 19.Qc2 g5 20.Bd2 h6 21.Be3 Rac8 22.Rd2 Na6 23.Rbd1 b5
24.f4 bxc4 25.fxe5 cxd5 26.Nb5 Qb8 27.Nxd6 Nb4 28.Qc1 c3 29.Rc2 Bxe5 30.Nxc8 Qxc8
31.g4 d4 32.Rxd4 Qc5 33.Rxc3 Qxd4 34.Bxd4 Bxd4+ 35.Kf1 Nxa2 36.Qd2 Bxc3 37.Qxa2 Rd8
38.Ke2 Kg7 39.Qc2 Bb4 40.e5 Rd4 41.Be4 Rd8 42.Ke3 Rd7 43.Bc6 Rd8 44.Qc1 Be7
45.Be4 Bb4 46.Bd3 Rd5 47.Ke4 Be7 48.Qc7 Kf8  1-0

[Event "ch-CRC"]
[Site "Casa Espana CRC"]
[Date "2004.07.08"]
[Round "2"]
[White "Minero Pineda,S"]
[Black "Granados,C"]
[Result "1-0"]
[WhiteElo "2429"]
[BlackElo "2241"]

1.d4 Nf6 2.Nf3 g6 3.c4 Bg7 4.g3 O-O 5.Bg2 d6 6.Nc3 Nbd7 7.O-O e5 8.e4 exd4
9.Nxd4 Re8 10.h3 Nc5 11.Re1 Bd7 12.Bf4 Qc8 13.Kh2 a6 14.Qd2 Rb8 15.Rac1 Nh5
16.Be3 Nf6 17.Qc2 Re5 18.g4 Bxg4 19.hxg4 Nxg4+ 20.Kg1 Nxe3 21.fxe3 Qg4 22.b4 Ne6
23.Qe2 Qg3 24.Qf2 Qg4 25.Nxe6 fxe6 26.Qf4 Qh5 27.Bf3 Qh3 28.Bg4 Qh6 29.Qxh6 Bxh6
30.Kf2 Rf8+ 31.Ke2 Bg7 32.Kd3 h5 33.Be2 Rg5 34.Rg1 Rxg1 35.Rxg1 Kh7 36.Nb1 c5
37.bxc5 dxc5 38.Nd2 Rd8+ 39.Kc2 Bh6 40.Rb1 Bxe3 41.Rxb7+ Kh6 42.Nf1 Bf4 43.Re7 e5
44.Re6 Rd4 45.Rxa6 Rxe4 46.Bd3 Re1 47.Rxg6+ Kh7 48.Re6+ Kg7 49.Nd2 Rg1 50.Nf3 Rg2+
51.Kb1 Kf7 52.Rc6 Rf2 53.Be4 Rf1+ 54.Kb2 Rf2+ 55.Kb3 Re2 56.Bd5+ Kg7 57.Re6 Bg3
58.a4 Re3+ 59.Kb2 h4 60.a5 h3 61.a6 h2 62.Nxh2 Re2+ 63.Kb3 Rxh2 64.a7 Rh8
65.a8=Q Rxa8 66.Bxa8  1-0

[Event "Open"]
[Site "Olomouc CZE"]
[Date "2004.07.09"]
[Round "6"]
[White "Volodin,V"]
[Black "Zaitsev,Va"]
[Result "1/2-1/2"]
[WhiteElo "2247"]
[BlackElo "2378"]

1.Nf3 Nf6 2.c4 g6 3.d4 Bg7 4.g3 O-O 5.Bg2 d6 6.O-O Nbd7 7.Nc3 e5 8.e4 exd4
9.Nxd4 Nc5 10.h3 Re8 11.Re1 c6  1/2-1/2

[Event "Proclient Cup"]
[Site "Olomouc CZE"]
[Date "2004.07.11"]
[Round "10"]
[White "Sachdev,T"]
[Black "Kraemer,Mar"]
[Result "1/2-1/2"]
[WhiteElo "2240"]
[BlackElo "2295"]

1.d4 Nf6 2.c4 g6 3.g3 Bg7 4.Bg2 d6 5.Nf3 O-O 6.O-O a6 7.Nc3 Nc6 8.e4 Bg4
9.Be3 Re8 10.Qd2 Bxf3 11.Bxf3 e5 12.d5 Nd4 13.Bg2 c5 14.dxc6 bxc6 15.Bxd4 exd4
16.Qxd4 Nxe4 17.Qd3 Nxc3 18.bxc3 Qc7 19.Rad1 Rad8 20.Rfe1 Rxe1+ 21.Rxe1 Be5
22.Rd1 Rb8 23.Rb1 Rxb1+ 24.Qxb1 Bxc3 25.Qe4 Qa7 26.Qxc6 Bd4 27.Qa8+  1/2-1/2

[Event "Open"]
[Site "Condom FRA"]
[Date "2004.07.16"]
[Round "8"]
[White "Garrel,A"]
[Black "Cotton,P"]
[Result "1-0"]
[WhiteElo "2174"]
[BlackElo "1976"]

1.d4 Nf6 2.Nf3 g6 3.c4 Bg7 4.g3 O-O 5.Bg2 d6 6.O-O Nc6 7.Nc3 Bg4 8.d5 Bxf3
9.exf3 Na5 10.Qe2 Nd7 11.Bd2 c5 12.Rad1 a6 13.b3 Rb8 14.h4 Nf6 15.f4 h5 16.Ne4 b5
17.Qe1 Nb7 18.f5 bxc4 19.bxc4 Ng4 20.fxg6 f5 21.Ng5 Qd7 22.Ne6 Ne5 23.Bc3 f4
24.Nxg7 fxg3 25.Bxe5 gxf2+ 26.Rxf2 Rxf2 27.Qxf2 Rf8 28.Qxf8+ Kxf8 29.Rf1+ Kg8
30.Ne6  1-0

[Event "15th Open"]
[Site "Ljubjana SLO"]
[Date "2004.07.16"]
[Round "9"]
[White "Dizdarevic,E"]
[Black "Biti,O"]
[Result "1-0"]
[WhiteElo "2520"]
[BlackElo "2352"]

1.Nf3 Nf6 2.g3 g6 3.c4 Bg7 4.d4 d6 5.Bg2 O-O 6.O-O c6 7.Nc3 Qb6 8.e3 Nbd7
9.b3 Re8 10.a4 a5 11.Ba3 d5 12.Rc1 e6 13.Qc2 Nb8 14.Bd6 Qd8 15.Bf4 Na6 16.Be5 b6
17.Rfd1 Nb4 18.Qb1 Ba6 19.Na2 Nxa2 20.Qxa2 Rc8 21.Rc2 Bf8 22.Bxf6 Qxf6 23.Ne5 Red8
24.Rdc1 c5 25.cxd5 exd5 26.Bh3 Rc7 27.Qb2 Qd6 28.Bf1 Bxf1 29.Kxf1 Bg7 30.Nf3 Rdc8
31.Qa3 Qf6 32.Kg2 Bf8 33.Qa2 Qe6 34.Rc3 Bd6 35.Qe2 Qe4 36.Kg1 cxd4 37.Rxc7 Rxc7
38.Rxc7 Bxc7 39.Nxd4 Be5 40.Nf3 Bf6 41.Qd1 Kg7 42.Kf1 Qf5 43.Ke2 Qe6 44.Qd3 Qc6
45.g4 h6 46.h3 Qc5 47.h4 Qc6 48.g5 hxg5 49.hxg5 Bb2 50.Ne1 Qe6 51.Qd2 Ba1
52.Qc1 Be5 53.Qc2 Qg4+ 54.Nf3 d4 55.Qc4 f5 56.Qd5 d3+ 57.Qxd3  1-0

[Event "ACT Open"]
[Site "Amsterdam NED"]
[Date "2004.07.17"]
[Round "1"]
[White "Tregubov,P"]
[Black "Spaan,T"]
[Result "1-0"]
[WhiteElo "2628"]
[BlackElo "2305"]

1.d4 Nf6 2.Nf3 g6 3.c4 Bg7 4.g3 O-O 5.Bg2 d6 6.O-O Nc6 7.Nc3 Rb8 8.e4 Bg4
9.Be3 Re8 10.d5 Ne5 11.Bxa7 Ra8 12.Bd4 Nxc4 13.Qe2 e5 14.dxe6 Bxe6 15.Ng5 Qe7
16.Nxe6 Qxe6 17.Rad1 c6 18.f4 d5 19.e5 Bf8 20.b3 Na5 21.Rde1 Bb4 22.Qc2 Qf5
23.Qxf5 gxf5 24.exf6 Rxe1 25.Rxe1 c5 26.a3 Bxa3 27.Be5 d4 28.Nd5  1-0

[Event "ch-Montenegro"]
[Site "Bijelo Polje SCG"]
[Date "2004.07.19"]
[Round "4"]
[White "Blagojevic,D"]
[Black "Rmus,A"]
[Result "0-1"]
[WhiteElo "2536"]
[BlackElo "2310"]

1.d4 Nf6 2.c4 g6 3.Nf3 Bg7 4.g3 O-O 5.Bg2 d6 6.O-O Nbd7 7.Nc3 e5 8.h3 exd4
9.Nxd4 Nc5 10.e4 Re8 11.Re1 Bd7 12.Rb1 Qc8 13.Kh2 Re5 14.f4 Rh5 15.f5 gxf5
16.Nd5 Qd8 17.Nxf5 Rxf5 18.exf5 Nxd5 19.Qxd5 Qf6 20.b4 Bc6 21.Qd1 Qxf5 22.Be3 Bxg2
23.Kxg2 Nd3 24.Rf1 Qe4+ 25.Qf3 Qxc4 26.Qxb7 Re8 27.Qf3 Qxa2+ 28.Kh1 Qe6 29.Bxa7 Qxh3+
30.Kg1 Ne5 31.Qg2 Qh5 32.Rbe1 Re6 33.g4 Qh4 34.Re4 Rg6 35.Bf2 Qd8 36.Be3 d5
37.Rd4 c6 38.Rfd1 h5 39.g5 Ng4 40.R4d3 Be5 41.Kh1 Qb8 42.Bd2 Bf4 43.Rh3 Bxg5
44.Rxh5 Bxd2 45.Rxd2 Qxb4 46.Qe2 Qb1+ 47.Rd1 Qxd1+ 48.Qxd1  0-1

[Event "ch-CRC"]
[Site "San Jose CRC"]
[Date "2004.07.19"]
[Round "10"]
[White "Minero Pineda,S"]
[Black "Rodriguez,Adr"]
[Result "1-0"]
[WhiteElo "2429"]
[BlackElo "2178"]

1.Nf3 Nf6 2.c4 d6 3.d4 g6 4.g3 Bg7 5.Bg2 O-O 6.Nc3 Nbd7 7.O-O e5 8.e4 a5
9.h3 c6 10.Re1 Qe7 11.b3 exd4 12.Nxd4 Nc5 13.Bf4 Nfd7 14.Qd2 Be5 15.Bg5 Bf6
16.Bh6 Re8 17.Rad1 Ne5 18.Re3 a4 19.f4 Ned7 20.b4 Ne6 21.Nc2 Nb6 22.Bf1 Rd8
23.Kh2 a3 24.Qf2 Na4 25.Nxa4 Rxa4 26.Rxa3 Rxa3 27.Nxa3 d5 28.cxd5 cxd5 29.e5 Qxb4
30.Nc2 Qa5 31.exf6 d4 32.f5 gxf5 33.Bd3  1-0

[Event "ITT Copa CMSalud"]
[Site "Vicente Lopez ARG"]
[Date "2004.07.19"]
[Round "10"]
[White "Ferrara,A"]
[Black "Della Morte,P"]
[Result "1/2-1/2"]
[WhiteElo "2235"]
[BlackElo "2302"]

1.d4 Nf6 2.c4 g6 3.Nf3 Bg7 4.g3 O-O 5.Bg2 d6 6.O-O Nc6 7.Nc3 a6 8.Qd3 Bf5
9.e4 Bg4 10.d5 Bxf3 11.Qxf3 Nd4 12.Qd1 Nd7 13.Be3 c5 14.dxc6 Nxc6 15.Rc1 Rb8
16.b3 Nc5 17.f4 Qa5 18.Qd2 Rfc8 19.Rfd1 b5 20.cxb5 axb5 21.e5 Nd8 22.Nd5 Qxd2
23.Nxe7+ Kf8 24.Rxd2 Kxe7 25.exd6+ Kd7 26.Rxc5 Rxc5 27.Bxc5 b4 28.Bd4 Bxd4+
29.Rxd4 Ne6 30.Rd2 Rb6 31.f5 gxf5 32.Bh3 Ng7 33.Rd5 Rxd6 34.Bxf5+ Nxf5 35.Rxf5 Ke6
36.Rf4 Rd2 37.Rf2 Rd1+ 38.Kg2 f5 39.Kf3 Rd3+ 40.Ke2 Rd7 41.Rf4 Ra7 42.Rxb4 Rxa2+
43.Kf3 Rxh2 44.Rh4 Rb2 45.Rxh7 Rxb3+ 46.Kg2  1/2-1/2

[Event "ACT Open"]
[Site "Amsterdam NED"]
[Date "2004.07.22"]
[Round "6"]
[White "Blees,A"]
[Black "Kuzmin,A"]
[Result "1/2-1/2"]
[WhiteElo "2400"]
[BlackElo "2567"]

1.d4 Nf6 2.c4 g6 3.Nf3 Bg7 4.g3 O-O 5.Bg2 d6 6.O-O a6 7.Nc3 Nc6 8.b3 Rb8
9.Nd5 e6 10.Nxf6+ Qxf6 11.Bb2 e5 12.d5 Nd8 13.c5 Qe7 14.cxd6 cxd6 15.Nd2 f5
16.Nc4 Nf7 17.Rc1 Bd7 18.a4 b5 19.axb5 Bxb5 20.Ba3 e4 21.Rc2 Bxc4 22.bxc4 Rfc8
23.Qc1 Qd7 24.c5 dxc5 25.Rd1 Bf8 26.f3 exf3 27.exf3 Qa4 28.Rc4 Qb5 29.Bf1 Qa5
30.Bb2 Nd6 31.Be5 Qb6 32.Qf4 Rd8 33.Rc2 Bg7 34.Bxg7 Kxg7 35.Qe5+ Kg8 36.Qe6+ Nf7
37.Qxb6 Rxb6 38.Rxc5 Rdd6 39.Re1 Rb7 40.Re6 Ra7 41.Rxd6  1/2-1/2

[Event "Politiken Cup"]
[Site "Copenhagen DEN"]
[Date "2004.07.26"]
[Round "4"]
[White "Prakken,G"]
[Black "Laursen,N"]
[Result "1-0"]
[WhiteElo "2265"]
[BlackElo "2097"]

1.d4 Nf6 2.Nf3 g6 3.c4 Bg7 4.g3 O-O 5.Bg2 d6 6.O-O c5 7.dxc5 dxc5 8.Ne5 Na6
9.Nc3 Rb8 10.Nd3 Ne8 11.Bf4 Nd6 12.Qc1 Bf5 13.Rd1 Re8 14.a3 Bxd3 15.Rxd3 Qb6
16.Nd5 Qxb2 17.Qxb2 Bxb2 18.Rb1 Nxc4 19.Bxb8 Rxb8 20.Nxe7+ Kf8 21.Rd7 Bxa3
22.Rbxb7 Rxb7 23.Rxb7 Nb4 24.Rxa7 Bb2 25.Nd5 Be5 26.Nxb4 cxb4 27.Bd5 Nd6
28.e3 Bf6 29.Kf1 Be7 30.Ke1 h5 31.Kd2 h4 32.g4 Nb5 33.Rb7 Nc3 34.Bc6 g5 35.h3 Bd6
36.Rd7 Be5 37.Kc2 Bf6 38.Rb7 Be7 39.Kd2 Bd6 40.f3 Be7 41.Bb5 Bd6 42.Bc4 Be7
43.Bb3 Ke8 44.Kd3 Kf8 45.f4 gxf4 46.exf4 Nb1 47.g5 Nc3 48.Ke3 Nb1 49.Rc7 Ke8
50.Rc8+ Kd7 51.Rc1 Nc3 52.Bxf7 Bc5+ 53.Kf3 Bd6 54.Bc4  1-0

[Event "Skanska Open"]
[Site "Pardubice CZE"]
[Date "2004.07.26"]
[Round "4"]
[White "Inarkiev,E"]
[Black "Gutman,G"]
[Result "1-0"]
[WhiteElo "2591"]
[BlackElo "2509"]

1.d4 Nf6 2.c4 g6 3.Nf3 Bg7 4.g3 O-O 5.Bg2 d6 6.O-O Nbd7 7.Nc3 e5 8.Qc2 Re8
9.Rd1 c6 10.e4 Qe7 11.d5 c5 12.a3 Rf8 13.b4 Ne8 14.Rb1 Nc7 15.Bg5 Qe8 16.Nh4 a5
17.bxa5 Rxa5 18.Rb3 b5 19.cxb5 Nb6 20.Qc1 f5 21.exf5 gxf5 22.Bh6 Qh5 23.Bxg7 Kxg7
24.f4 e4 25.Bf1 Kg8 26.Ng2 Bb7 27.Ne3 Qf7 28.Rd2 Qf6 29.Nc4 Nxc4 30.Bxc4 Ne8
31.Nd1 Ng7 32.Qc3 Qd8 33.b6 Ra8 34.Ne3 h5 35.Bb5 Rb8 36.Rdb2 h4 37.a4 c4
38.Rb4 Qxb6 39.Bc6 Qa5 40.Nxc4  1-0

[Event "12th GM"]
[Site "Lippstadt GER"]
[Date "2004.07.28"]
[Round "5"]
[White "Greenfeld,A"]
[Black "Maiwald,JU"]
[Result "1-0"]
[WhiteElo "2555"]
[BlackElo "2524"]

1.d4 g6 2.Nf3 Nf6 3.c4 Bg7 4.g3 O-O 5.Bg2 d6 6.O-O Nc6 7.Nc3 Bf5 8.b3 d5
9.Bf4 dxc4 10.d5 Nb4 11.bxc4 Ne4 12.Nxe4 Bxe4 13.Rb1 Bxb1 14.Qxb1 Na6 15.Qxb7 Qc8
16.Qb3 Rb8 17.Qe3 Re8 18.Nd4 Rb2 19.Nc6 e5 20.Bg5 Bf8 21.Bf6 Qf5 22.Bxe5 Rb6
23.g4 Qxg4 24.Qc3 Qxe2 25.Bd4 Nc5 26.Ne5 Ra6 27.d6 cxd6 28.Bf3 Qxa2 29.Nxf7 Ra3
30.Bd5 Ne6 31.Ng5 Rxc3 32.Nxe6 Bh6 33.Bxc3 Rxe6 34.Bxe6+ Kf8 35.Bd5 Qe2 36.Rb1 Bf4
37.Bf6 Qe8 38.Rb7 Be5 39.Bg5 Qa4 40.Rb8+  1-0

[Event "Politiken Cup"]
[Site "Copenhagen DEN"]
[Date "2004.07.29"]
[Round "7"]
[White "Mortensen,H"]
[Black "Korolev,N"]
[Result "1-0"]
[WhiteElo "2018"]
[BlackElo "2148"]

1.d4 Nf6 2.Nf3 g6 3.g3 Bg7 4.Bg2 O-O 5.c4 d6 6.O-O Nbd7 7.Nc3 e5 8.e4 Nh5
9.Be3 f5 10.exf5 gxf5 11.dxe5 dxe5 12.Ng5 Ndf6 13.Qxd8 Rxd8 14.Nb5 h6 15.Nxc7 hxg5
16.Nxa8 Be6 17.Nc7 Bxc4 18.Rfd1 Rc8 19.Nd5 Nxd5 20.Bxd5+ Bxd5 21.Rxd5 f4
22.Bxa7 Rc2 23.Rb5 Bf6 24.Rxb7 e4 25.g4 Ng7 26.a4 Ne6 27.Rd1 f3 28.Rb4 Re2
29.a5 Nf4 30.a6 Be5 31.Be3 Nh3+ 32.Kf1  1-0

[Event "12th GM"]
[Site "Lippstadt GER"]
[Date "2004.07.30"]
[Round "7"]
[White "Greenfeld,A"]
[Black "Koneru,H"]
[Result "1-0"]
[WhiteElo "2555"]
[BlackElo "2511"]

1.d4 Nf6 2.Nf3 g6 3.c4 Bg7 4.g3 O-O 5.Bg2 d6 6.O-O Nbd7 7.Nc3 e5 8.e4 c6
9.h3 Re8 10.Be3 exd4 11.Nxd4 Nc5 12.Qc2 a5 13.Rad1 Qe7 14.Rfe1 Nfd7 15.f4 a4
16.b4 axb3 17.axb3 Nb6 18.Bf2 Bd7 19.Nf3 Ra3 20.e5 dxe5 21.Nxe5 Bf5 22.Qc1 Nxb3
23.Nxg6 Qxe1+ 24.Rxe1 Rxe1+ 25.Qxe1 hxg6 26.Qe8+ Kh7 27.Qxf7 Ra1+ 28.Kh2 Rc1
29.Ne4 Nd7 30.Ng5+ Kh8 31.g4  1-0

[Event "Politiken Cup"]
[Site "Copenhagen DEN"]
[Date "2004.08.01"]
[Round "10"]
[White "Prakken,G"]
[Black "Brondum,E"]
[Result "1/2-1/2"]
[WhiteElo "2265"]
[BlackElo "2209"]

1.d4 Nf6 2.Nf3 g6 3.c4 Bg7 4.g3 O-O 5.Bg2 d6 6.O-O Nc6 7.Nc3 Bf5 8.Nh4 Bd7
9.e4 e5 10.d5 Ne7 11.Bd2 Ne8  1/2-1/2

[Event "ch-Arab"]
[Site "Dubai UAE"]
[Date "2004.08.06"]
[Round "4"]
[White "Bouaziz,S"]
[Black "Tissir,M"]
[Result "1/2-1/2"]
[WhiteElo "2352"]
[BlackElo "2416"]

1.d4 Nf6 2.Nf3 g6 3.c4 Bg7 4.g3 O-O 5.Bg2 d6 6.O-O a6 7.Nc3 Nc6 8.Nd5 Nh5
9.Bg5 h6 10.Be3 e6 11.Nc3 Nf6 12.h3 Ne7 13.Qc2 Nf5 14.Bc1 d5 15.c5 Nh7 16.Rd1 Bd7
17.Bf4 g5 18.Bc1 Ne7 19.Ne5 Bxe5 20.dxe5 Ng6 21.f4 gxf4 22.Bxf4 Nxf4 23.gxf4 Qh4
24.e3 Kh8 25.Qf2 Qe7 26.e4 c6 27.Kh2 f6 28.exf6 Qxf6 29.Rf1 Rf7 30.e5 Qg7
31.Ne2 Rg8 32.Qg3 Qf8 33.Qe3 Qe7 34.Bh1 Rfg7 35.Rg1 Qh4 36.Rxg7 Rxg7 37.Rg1 Nf8
38.Rxg7 Kxg7 39.Qg3+ Qxg3+ 40.Kxg3 a5 41.a3 Bc8 42.b4 axb4 43.axb4 Nd7 44.Nd4 Nb8
45.Bf3 Na6 46.Nc2 Bd7 47.Be2 Nc7 48.Nd4 Kf7 49.Kf3 Kg7  1/2-1/2

[Event "Australian Masters"]
[Site "Melbourne AUS"]
[Date "2004.08.07"]
[Round "5"]
[White "Lee Wang Sheng"]
[Black "Pecori,A"]
[Result "1-0"]
[WhiteElo "2252"]
[BlackElo "2152"]

1.d4 Nf6 2.Nf3 g6 3.c4 Bg7 4.g3 O-O 5.Bg2 d6 6.O-O Nbd7 7.Nc3 c6 8.b3 a6
9.Bb2 Re8 10.Qc2 Qc7 11.Rad1 b5 12.Nd2 Bb7 13.Nce4 Rac8 14.c5 d5 15.Ng5 h6
16.Ngf3 Rcd8 17.h3 Bc8 18.Rfe1 Ne4 19.Bc1 f5 20.Nf1 g5 21.h4 Bf6 22.hxg5 hxg5
23.Nxg5 Nxg5 24.Bxg5 Bxg5 25.Qxf5 Bf6 26.e4 Nf8 27.Qh5 Be6 28.e5 Bg7 29.f4 Qd7
30.Ne3 Bf7 31.Qh4 e6 32.g4 Qe7 33.Qg3 Nh7 34.Bf1 Bh6 35.Rd2 Bg6 36.Rh2 Qf8
37.Rf2 Be4 38.Be2 Re7 39.Ref1 Rg7 40.Kh2 Rdd7 41.Qh4 Rg6 42.g5 Bg7 43.Bh5 Bf5
44.Kg3 Qf7 45.Ng4 Kf8 46.Re1 Ke8 47.Rh2 Bxg4 48.Qxg4 Nf8 49.Rf2 Re7 50.f5 exf5
51.Rxf5 Qe6 52.Ref1 Kd7 53.Rxf8 Qxg4+ 54.Bxg4+ Kc7 55.R8f7 Kd8 56.Kh4 Bh8
57.Rf8+ Re8 58.Rxe8+  1-0

[Event "Australian Masters"]
[Site "Melbourne AUS"]
[Date "2004.08.10"]
[Round "7"]
[White "Froehlich,P"]
[Black "Pecori,A"]
[Result "1-0"]
[WhiteElo "2388"]
[BlackElo "2152"]

1.Nf3 Nf6 2.c4 g6 3.d4 Bg7 4.g3 d6 5.Bg2 O-O 6.O-O Nbd7 7.Nc3 c6 8.e4 e5
9.h3 Nh5 10.Re1 Qe7 11.Be3 a6 12.Rc1 b5 13.a3 bxc4 14.Qa4 exd4 15.Nxd4 Bxd4
16.Bxd4 c5 17.Nd5 Qg5 18.Be3 Qd8 19.Qxc4 Ne5 20.Qc3 Be6 21.Rcd1 Rb8 22.g4 Bxd5
23.Rxd5 Nf6 24.Rd2 Qb6 25.f4 Ned7 26.e5 Ne8 27.Red1 Qd8 28.exd6 Ng7 29.f5 gxf5
30.Bh6 f6 31.gxf5 Ne5 32.Bd5+ Kh8 33.Bxg7+ Kxg7 34.Qg3+ Kh8 35.Rg2 Qd7 36.Be6 Qb7
37.Rd5 Rf7 38.d7  1-0

[Event "HZ Open"]
[Site "Vlissingen NED"]
[Date "2004.08.13"]
[Round "8"]
[White "Schandorff,L"]
[Black "Stellwagen,D"]
[Result "1/2-1/2"]
[WhiteElo "2496"]
[BlackElo "2509"]

1.Nf3 Nf6 2.c4 g6 3.d4 Bg7 4.g3 O-O 5.Bg2 d6 6.Nc3 Nc6 7.O-O a6 8.e3 e5 9.d5 Ne7
10.e4 Ne8 11.Ne1 f5 12.Nd3 Nf6 13.f3 h6 14.f4 exf4 15.Nxf4 Kh7 16.Qe2  1/2-1/2

[Event "Knjaz Milos Jezero Open"]
[Site "Belgrade SCG"]
[Date "2004.08.19"]
[Round "3"]
[White "Nikolic,Br"]
[Black "Popovic,Ml"]
[Result "1-0"]
[WhiteElo "2144"]
[BlackElo "2192"]

1.d4 Nf6 2.c4 g6 3.g3 Bg7 4.Bg2 d6 5.Nf3 O-O 6.O-O c6 7.Nc3 Qa5 8.h3 Be6
9.Qd3 Na6 10.e4 Rac8 11.Qe2 Qb4 12.Nd2 Ne8 13.a3 Qb6 14.d5 Bd7 15.Nf3 Nac7
16.Be3 Qa6 17.Bd4 f6 18.Rfd1 e5 19.dxe6 Bxe6 20.Nd2 Bf7 21.Rac1 Ne6 22.Be3 Nc5
23.f4 f5 24.e5 Ne6 25.Nf3 dxe5 26.Nxe5 Bxe5 27.fxe5 N8g7 28.Qf2 Qa5 29.Bxa7 Qxe5
30.Re1 Qa5 31.Bb6 Qa6 32.Be3 Rcd8 33.c5 Rfe8 34.Bf1 Qa5 35.Bc4 Qc7 36.Ne2 Nh5
37.Rcd1 Rxd1 38.Rxd1 Nf6 39.Nc3 Nh5 40.Ne2 Nf6 41.Nc3 Qe5 42.Bf1 Nh5 43.Kg2 f4
44.gxf4 Nexf4+ 45.Bxf4 Nxf4+ 46.Kg1 Qg5+ 47.Kh2 Nd5 48.Rd3 Nxc3 49.Rxc3 Bd5
50.Rg3 Qc1 51.Bg2 Rf8 52.Bxd5+ cxd5 53.Qd4 Qc2+ 54.Rg2 Qf5 55.Rd2 Rd8 56.b4 Qd7
57.Re2 h5 58.Qf6 Qc7+ 59.Kg2 Rf8 60.Qxg6+ Kh8 61.Qxh5+  1-0

[Event "Open A"]
[Site "Riga LAT"]
[Date "2004.08.19"]
[Round "7"]
[White "Kengis,E"]
[Black "Novikov,S"]
[Result "1-0"]
[WhiteElo "2563"]
[BlackElo "2520"]

1.Nf3 g6 2.c4 Bg7 3.d4 Nf6 4.g3 O-O 5.Bg2 d6 6.O-O Nc6 7.Nc3 Bf5 8.d5 Na5
9.Nd4 Bd7 10.Qd3 c5 11.Nc2 a6 12.Rb1 Rb8 13.Bd2 b5 14.b3 Qc7 15.h3 e6 16.dxe6 Bxe6
17.Ne3 Nc6 18.Ncd5 Bxd5 19.Nxd5 Nxd5 20.Bxd5 bxc4 21.Qxc4 Ne7 22.Bg2 d5 23.Bf4 Qa7
24.Bxb8 Rxb8 25.Qd3 d4 26.Rbc1 Nf5 27.Rc2 Bf8 28.Rfc1 Re8 29.Be4 Nd6 30.Bf3 Re5
31.a4 h5 32.Re1 Bh6 33.Kg2 Qb6 34.Rd1 Nf5 35.b4 cxb4 36.Rc6 Qd8 37.e4 Ne7
38.Rxa6  1-0

[Event "ch-ESP Abierto"]
[Site "Seville ESP"]
[Date "2004.08.19"]
[Round "7"]
[White "Santos Santos,P"]
[Black "Desanjose Candalija,E"]
[Result "1-0"]
[WhiteElo "2309"]
[BlackElo "2168"]

1.d4 Nf6 2.c4 g6 3.Nf3 Bg7 4.g3 O-O 5.Bg2 d6 6.Nc3 Nbd7 7.O-O e5 8.e4 a6
9.h3 b5 10.dxe5 dxe5 11.Qe2 c6 12.Rd1 Qe7 13.b3 Bb7 14.Bb2 Rfc8 15.h4 Bf8
16.Rac1 Qe8 17.Bh3 Rd8 18.Nb1 Nc5 19.Bxe5 Ncxe4 20.Qb2 Bc5 21.Bxf6 Rxd1+
22.Rxd1 Nxf2 23.Qxf2 Bxf2+ 24.Kxf2 bxc4 25.Ne5 cxb3 26.axb3 c5 27.Nc3 Rb8
28.Nd7 Rd8 29.Re1 Qxe1+ 30.Kxe1 Re8+ 31.Kd2  1-0

[Event "Open"]
[Site "Vladimir RUS"]
[Date "2004.08.23"]
[Round "6"]
[White "Tsybulnik,A"]
[Black "Belenov,D"]
[Result "0-1"]
[WhiteElo "2222"]
[BlackElo "2383"]

1.d4 Nf6 2.Nf3 g6 3.c4 Bg7 4.g3 O-O 5.Bg2 d6 6.O-O Nbd7 7.Nc3 e5 8.e4 c6
9.h3 Qb6 10.Re1 Re8 11.d5 cxd5 12.cxd5 Nc5 13.Rb1 a5 14.Be3 Bd7 15.Qe2 Rec8
16.Nd2 Ne8 17.Rec1 Qd8 18.Nb5 Qe7 19.b3 f5 20.f3 b6 21.a3 Qf8 22.g4 Bh6 23.g5 Bg7
24.Bf1 f4 25.Bf2 Qe7 26.h4 h6 27.gxh6 Bxh6 28.b4 axb4 29.axb4 Na4 30.Ra1 Rxc1
31.Rxc1 g5 32.Nc3 Rc8 33.Na2 Rxc1 34.Nxc1 Qg7 35.hxg5 Bxg5 36.Bg2 Bd8 37.Nf1 b5
38.Nh2 Bb6 39.Nd3 Nf6 40.Bxb6 Nxb6 41.Nb2 Qf8 42.Qf2 Na4 43.Nf1 Qc8 44.Qd2 Kf7
45.Kf2 Qc7 46.Kg1 Nh5 47.Kh2 Qd8 48.Kg1 Kg6 49.Kh2 Qh8 50.Kg1 Ng3 51.Nd3 Qh4
52.Qc2 Nc3 53.Nxg3 fxg3 54.Qxc3 Qh2+ 55.Kf1 Bh3 56.Bxh3 Qxh3+ 57.Ke2 Qh2+
58.Ke1 g2  0-1

[Event "TCh-CRO"]
[Site "Rabac CRO"]
[Date "2004.09.06"]
[Round "2"]
[White "Lalic,B"]
[Black "Mohr,G"]
[Result "1/2-1/2"]
[WhiteElo "2527"]
[BlackElo "2444"]

1.d4 d6 2.c4 g6 3.Nf3 Bg7 4.g3 Nf6 5.Bg2 O-O 6.O-O c6 7.Nc3 Bf5 8.Nh4 Bg4
9.h3 Bd7 10.e4 e5 11.Nf3 Kh8 12.Be3 Na6 13.Re1 Nc7 14.Qc2 exd4 15.Bxd4 c5  1/2-1/2

[Event "zt2.3.c2"]
[Site "San Jose CRC"]
[Date "2004.09.06"]
[Round "2"]
[White "Minero Pineda,S"]
[Black "Lorenzana,W"]
[Result "1-0"]
[WhiteElo "2429"]
[BlackElo "2210"]

1.Nf3 Nf6 2.c4 d6 3.d4 g6 4.g3 Bg7 5.Bg2 O-O 6.Nc3 Nbd7 7.O-O c6 8.h3 a5
9.Be3 e5 10.dxe5 Nxe5 11.Nxe5 dxe5 12.Qb3 Qe7 13.Na4 Nd7 14.Rfd1 Re8 15.Rd2 Rb8
16.Rad1 e4 17.Ba7 Ra8 18.Rxd7 Bxd7 19.Bc5 Qe6 20.Rd6 Qf5 21.g4 Qg5 22.Rxd7 h5
23.Be3 Qf6 24.g5 Qf5 25.Qxb7 Rad8 26.Nc5 Rxd7 27.Qxd7 Qxd7 28.Nxd7 Bxb2 29.Nc5 Rd8
30.Bxe4 Rd1+ 31.Kg2 Ra1 32.a4 Kf8 33.Bxc6 Ke7 34.Nb3 Re1 35.Nxa5 Rxe2 36.Bb5 Kd8
37.c5 Rc2 38.c6  1-0

[Event "1st Kalamaria Open"]
[Site "Thessaloniki GRE"]
[Date "2004.09.06"]
[Round "4"]
[White "Lymar,I"]
[Black "Pavlidis,A"]
[Result "1-0"]
[WhiteElo "2350"]
[BlackElo "2021"]

1.d4 Nf6 2.Nf3 g6 3.c4 Bg7 4.g3 d6 5.Bg2 O-O 6.O-O Nbd7 7.Nc3 e5 8.h3 Re8
9.e4 exd4 10.Nxd4 a6 11.Re1 Rb8 12.Bf4 Ne5 13.b3 c5 14.Nf3 Nfd7 15.Rc1 Nxf3+
16.Qxf3 Ne5 17.Qd1 b5 18.cxb5 axb5 19.Nd5 Qa5 20.Bg5 h6 21.Nf6+ Bxf6 22.Bxf6 Re6
23.Bxe5 dxe5 24.Rxc5 Ba6 25.Re2 Qb6 26.b4 Bb7 27.Rd2 Ree8 28.Rd6 Qa7 29.Qb3 Bc8
30.Rxg6+ Kf8 31.Rxh6 Be6 32.Qe3 Ke7 33.Qg5+ Kd7 34.Qxe5 Rbc8 35.Rd5+ Kc6
36.Qd6+ Kb7 37.Rxb5+ Ka8 38.e5+  1-0

[Event "Open"]
[Site "Pune IND"]
[Date "2004.09.09"]
[Round "7"]
[White "Fominyh,A"]
[Black "Thipsay,P"]
[Result "1-0"]
[WhiteElo "2546"]
[BlackElo "2469"]

1.d4 Nf6 2.Nf3 g6 3.g3 Bg7 4.Bg2 O-O 5.c4 d6 6.O-O Nbd7 7.Nc3 e5 8.e4 c6
9.Be3 Ng4 10.Bg5 f6 11.Bc1 Nh6 12.b3 Nf7 13.Bb2 Re8 14.Qc2 Nf8 15.Rad1 Qc7
16.d5 c5 17.Ne1 f5 18.Nd3 g5 19.exf5 Bxf5 20.Be4 Bg6 21.Rde1 Qd7 22.Bc1 Bh6
23.f3 a6 24.Kg2 b5 25.Bd2 Bg7 26.Bxg6 hxg6 27.Ne4 Nh7 28.Ndf2 Qc7 29.Nc3 b4
30.Nce4 a5 31.a4 Rf8 32.Bc3 Nh6 33.Qd2 Nf7 34.Ng4 Rfd8 35.Rf2 Ra7 36.Kf1 Rd7
37.Ke2 Qd8 38.Kd1 Bf8 39.Qc2 Ra6 40.Rh1 Be7 41.Rg1 Kh8 42.Rgf1 Ra8 43.Qd2  1-0

[Event "3rd Autumn"]
[Site "Alushta UKR"]
[Date "2004.09.11"]
[Round "2"]
[White "Khurtsidze,N"]
[Black "Paragua,M"]
[Result "1/2-1/2"]
[WhiteElo "2391"]
[BlackElo "2529"]

1.d4 Nf6 2.c4 g6 3.Nf3 Bg7 4.g3 O-O 5.Bg2 d6 6.O-O c6 7.Nc3 Qa5 8.e4 e5 9.h3 Nbd7
10.Qc2 b5 11.c5 b4 12.Ne2 exd4 13.Nfxd4 Qxc5 14.Qxc5 Nxc5 15.Nxc6 Nfxe4 16.Nxb4 a5
17.Nd5 Ba6 18.Bxe4 Nxe4 19.Re1 Rab8 20.Ne7+ Kh8 21.Nc6 Rbe8 22.Be3 Bxb2 23.Rab1 Bg7
24.Rb6 Bc8 25.Nxa5 Bxh3 26.Nb7 Be5 27.Bh6 Rg8 28.Nf4 Bf5 29.Nd3 Bd4 30.Nxd6 Bxf2+
31.Nxf2 Nxd6 32.Rxe8 Nxe8 33.a4 Ng7 34.a5 Ra8 35.a6 Bc8 36.Ne4 Bxa6 37.Bf4 Bd3
38.Nd6 Kg8 39.Rb7 Rf8 40.Bh6 Be2 41.Ne4 Bc4 42.Nf6+ Kh8 43.Rc7 Be6 44.g4 Rd8
45.Ra7 Ne8 46.Nxe8 Rxe8 47.g5 Kg8 48.Kf2 Bd5 49.Rd7 Be6 50.Ra7 Rc8 51.Re7 Bd5
52.Rd7 Be6 53.Re7 Bd5  1/2-1/2

[Event "TCh-SCG Men"]
[Site "Budva SCG"]
[Date "2004.09.16"]
[Round "8"]
[White "Jakovljevic,Vlado"]
[Black "Djukic,Ni"]
[Result "1-0"]
[WhiteElo "2426"]
[BlackElo "2450"]

1.Nf3 Nf6 2.c4 g6 3.d4 Bg7 4.g3 O-O 5.Bg2 d6 6.O-O Nc6 7.Nc3 a6 8.h3 Bd7
9.e4 e5 10.dxe5 dxe5 11.Be3 Be6 12.b3 Qc8 13.Kh2 Rd8 14.Qc1 Rd7 15.Ng5 Qf8
16.f4 exf4 17.gxf4 Rd3 18.e5 Ng4+ 19.hxg4 Nxe5 20.fxe5 Bxe5+ 21.Bf4 Rxc3
22.Qd2 Rd8 23.Bd5 Bxd5 24.cxd5 Qc5 25.Ne4 Rc2 26.Nxc5 Rxd2+ 27.Kg3 R8xd5
28.Rac1 Rxa2 29.Nxb7 Rb2 30.Rf3 Bxf4+ 31.Kxf4 Rg2 32.Rc4 f5 33.gxf5 Rxf5+
34.Ke3 Rb5 35.Nc5 Rg5 36.Kd4 Rg4+ 37.Kd5 Rxc4 38.bxc4 Rb8 39.Nxa6 Rd8+ 40.Kc6 Rd6+
41.Kb7 Rb6+ 42.Ka7 g5 43.c5 Rg6 44.Nxc7 g4 45.Rf1 g3 46.Kb7 h5 47.Nd5 Rg7+
48.Kb6 h4 49.Nf4 Rf7 50.c6 g2 51.Rg1 Rxf4 52.Rxg2+ Kf7 53.Rc2 Kg6 54.Rc5 h3
55.c7 Rf8 56.Rc3 Rh8 57.Rxh3  1-0

[Event "Tch-FIN 2004-5"]
[Site "Finland FIN"]
[Date "2004.09.19"]
[Round "2"]
[White "Salo,Ta"]
[Black "Sepp,O"]
[Result "1/2-1/2"]
[WhiteElo "2307"]
[BlackElo "2458"]

1.Nf3 Nf6 2.c4 g6 3.d4 Bg7 4.g3 O-O 5.Bg2 d6 6.O-O Nbd7 7.Nc3 e5 8.e4 c6
9.b3 Re8 10.h3 a6 11.dxe5 dxe5 12.Qc2 Bf8 13.Rd1 b5 14.Be3 Qa5 15.a3 b4 16.axb4 Qxb4
17.Na4 Rb8 18.Nd2 Nc5 19.Nxc5 Bxc5 20.Ra4 Qb6 21.Bxc5 Qxc5 22.Qc3 Rd8 23.Re1 Nd7
24.b4 Qe7 25.c5 Nf8 26.Nc4 Rd4 27.Nd6 Ne6 28.Rea1 Nc7 29.Bf1 Kg7 30.h4 Qd7
31.f4 f6 32.fxe5 fxe5 33.Bc4 Qg4 34.Rf1 Be6 35.Bxe6 Nxe6 36.Rxa6 Rf8 37.Ra7+ Kg8
38.Rxf8+ Nxf8 39.Qb3+ Ne6 40.Ra1 Kg7 41.Ra7+ Kg8 42.Ra8+ Kg7 43.Ra7+ Kg8
44.Ra8+ Kg7 45.Ra7+  1/2-1/2